evaluacin̤ del impacto ambiental Conceptos y mťodos /

Detalles Bibliográficos
Autor principal: Sǹchez, Luis Enrique
Formato: eBook
Lenguaje:español
Publicado: Bogot:̀ Ecoe ediciones, 2011
Materias:
Acceso en línea:Acceso restringido

MARC

LEADER 00000nam a22000007a 4500
005 20120525132854.0
007 cr|||| ||||
008 120525s2011 co |||||s|||| 00||0 spa d
020 |a 978-958-648-733-7 
035 |a 6230 
040 |a vLex 
090 |c 3149  |d 3149 
100 1 |a Sǹchez, Luis Enrique 
245 1 0 |a evaluacin̤ del impacto ambiental  |h [Recurso electrn̤ico] :  |b Conceptos y mťodos /   |c Luis Enrique Sǹchez 
256 |a Servicio en ln̕ea 
260 |a Bogot:̀  |b Ecoe ediciones,  |c 2011 
300 |a 1 recurso electrn̤ico 
500 |a Conceptos y mťodos de Luis Enrique Sǹchez, presenta y analiza las diferentes tareas de la preparacin̤ de estudios ambientales, vinculando la teora̕ con la prc̀tica. Con ms̀ de 30 casos latinoamericanos y del mundo de estudios en hidroelčtricas, proyectos mineros y sistemas de transporte entre otros, se presentan conceptos y mťodos de gran utilidad en la formacin̤ de estas disciplinas. Luis Enrique Sǹchez, es ingeniero en minas y geg̤rafo de la Universidad de Sao Paulo y Doctor en Economa̕ de los Recursos naturales y del Desarrollo en la Escuela de Minas de Pars̕. Es profesor de la Escuela Politčnica de la USP, en donde lleva a cabo docencia e investigacin̤ en planificacin̤ y gestin̤ ambiental. 
506 0 |a Contenido solo disponible en los productos indicados  |d vLex Global   |d vLex Global (Academic Edition, excluding Law Schools)   |d vLex Global (U.S. Academic Edition, Law Schools)   |d vLex Global (U.S. Academic Edition, excluding Law Schools)   |d vLex Global (Academic Edition, Law Schools)  
650 0 4 |a Medio ambiente  |b anl̀isis del impacto  |z Colombia 
740 0 |a vLex Libros (Servicio en ln̕ea) 
856 4 0 |u http://vlex.com/source/evaluacion-impacto-ambiental-conceptos-metodos-6230  |z Acceso restringido 
942 |c BOOK